000 00711nam a2200205Ia 4500
003 OSt
005 20250701160653.0
008 191128q1981 ck o er 000 p spa d
040 _aCO-JMCR
_cCO-JMCR
041 _aspa
082 0 4 _aA-P
_bHOLa
100 1 _aHolguín, Andrés,
_eautor
_99187
245 1 0 _aAntología crítica de la poesía colombiana (1874-1974) /
_cAndrés Holguín
260 _aBogotá :
_bBiblioteca del Centenario del Banco de Colombia,
_c[1981].
300 _a2 volúmenes ;
_c21 cm.
505 1 _gv.2.
_tAntología crítica de la poesía colombiana (1874-1974). --
650 1 4 _aPoesía colombiana
_99188
650 2 4 _aPoesía colombiana
_xHistoria y crítica
_940447
942 _2ddc
_cBK
999 _c3432
_d3432